<?xml version="1.0" encoding="UTF-8"?>
<record
    xmlns:xsi="http://www.w3.org/2001/XMLSchema-instance"
    xsi:schemaLocation="http://www.loc.gov/MARC21/slim http://www.loc.gov/standards/marcxml/schema/MARC21slim.xsd"
    xmlns="http://www.loc.gov/MARC21/slim">

  <leader>03270cam a2200445 a 4500</leader>
  <controlfield tag="001">14775081</controlfield>
  <controlfield tag="005">20070724143803.0</controlfield>
  <controlfield tag="008">070320s2005    enka     b    001 0 eng d</controlfield>
  <datafield tag="010" ind1=" " ind2=" ">
    <subfield code="a">  2007272858</subfield>
  </datafield>
  <datafield tag="020" ind1=" " ind2=" ">
    <subfield code="a">0521691648</subfield>
  </datafield>
  <datafield tag="035" ind1=" " ind2=" ">
    <subfield code="a">(OCoLC)ocm65526233</subfield>
  </datafield>
  <datafield tag="040" ind1=" " ind2=" ">
    <subfield code="a">EQO</subfield>
    <subfield code="c">EQO</subfield>
    <subfield code="d">DBI</subfield>
    <subfield code="d">YDXCP</subfield>
    <subfield code="d">IXA</subfield>
    <subfield code="d">BAKER</subfield>
    <subfield code="d">DLC</subfield>
  </datafield>
  <datafield tag="042" ind1=" " ind2=" ">
    <subfield code="a">lccopycat</subfield>
  </datafield>
  <datafield tag="043" ind1=" " ind2=" ">
    <subfield code="a">e-uk---</subfield>
  </datafield>
  <datafield tag="050" ind1="0" ind2="0">
    <subfield code="a">JZ6385</subfield>
    <subfield code="b">.F67 2005</subfield>
  </datafield>
  <datafield tag="082" ind1="0" ind2="0">
    <subfield code="a">327.117</subfield>
    <subfield code="2">22</subfield>
    <subfield code="b">FOR</subfield>
  </datafield>
  <datafield tag="245" ind1="0" ind2="0">
    <subfield code="a">Force and Legitimacy in World Politics /</subfield>
    <subfield code="c">edited by David Armstrong, Theo Farrell and Bice Maiguashca</subfield>
  </datafield>
  <datafield tag="260" ind1=" " ind2=" ">
    <subfield code="a">Cambridge, UK :</subfield>
    <subfield code="b">Cambridge University Press,</subfield>
    <subfield code="c">2005.</subfield>
  </datafield>
  <datafield tag="300" ind1=" " ind2=" ">
    <subfield code="a">iv, 266 p. :</subfield>
    <subfield code="b">ill. ;</subfield>
    <subfield code="c">25 cm.</subfield>
  </datafield>
  <datafield tag="504" ind1=" " ind2=" ">
    <subfield code="a">Includes bibliographical references and index.</subfield>
  </datafield>
  <datafield tag="505" ind1="0" ind2=" ">
    <subfield code="a">Introduction / David Armstrong and Theo Farrell -- Legitimacy and the use of force : can the circle be squared? / Andrew Hurrell -- Legality and legitimacy : the quest for principled flexibility and restraint / Richard Falk -- Not yet havoc : geopolitical change and the international rules on military force / Michael Byers -- Liberal hierarchy and the licence to use force / Christian Reus-Smit -- The age of liberal wars / Lawrence Freedman -- Force, legitimacy, success and Iraq / John Mueller -- War and international relations : a military historical perspective on force and legitimacy / Jeremy Black -- The judgement of war : on the idea of legitimate force in world politics / Nicholas Rengger -- Discourses of difference : civilians, combatants and compliance with the laws of war / Helen M. Kinsella -- Fights about rules : the role of efficacy and power in changing multilateralism / Martha Finnemore -- Peacekeeping and enforcement action in Africa : the role of Europe and the obligations of multilateralism / Christine Gray -- Identity, legitimacy and the use of military force : Russia's Great Power identities and military intervention in Abkhazia / Ted Hopf -- Dead or alive : American vengeance goes global / Michael Sherry.</subfield>
  </datafield>
  <datafield tag="580" ind1=" " ind2=" ">
    <subfield code="a">Special issue of Review of international studies, v.31, December 2005.</subfield>
  </datafield>
  <datafield tag="650" ind1=" " ind2="0">
    <subfield code="a">Intervention (International law)</subfield>
    <subfield code="9">9318</subfield>
  </datafield>
  <datafield tag="650" ind1=" " ind2="0">
    <subfield code="a">Security, International.</subfield>
    <subfield code="9">9319</subfield>
  </datafield>
  <datafield tag="650" ind1=" " ind2="0">
    <subfield code="a">Iraq War, 2003-</subfield>
    <subfield code="x">Moral and ethical aspects.</subfield>
    <subfield code="9">9320</subfield>
  </datafield>
  <datafield tag="650" ind1=" " ind2="0">
    <subfield code="a">International relations.</subfield>
    <subfield code="9">9321</subfield>
  </datafield>
  <datafield tag="650" ind1=" " ind2="0">
    <subfield code="a">World politics.</subfield>
    <subfield code="9">9322</subfield>
  </datafield>
  <datafield tag="650" ind1=" " ind2="0">
    <subfield code="a">International organization.</subfield>
    <subfield code="9">9323</subfield>
  </datafield>
  <datafield tag="700" ind1="1" ind2=" ">
    <subfield code="a">Armstrong, J. D.</subfield>
    <subfield code="q">(James David),</subfield>
    <subfield code="d">1945-</subfield>
    <subfield code="9">9324</subfield>
  </datafield>
  <datafield tag="700" ind1="1" ind2=" ">
    <subfield code="a">Farrell, Theo,</subfield>
    <subfield code="d">1967-</subfield>
    <subfield code="9">9325</subfield>
  </datafield>
  <datafield tag="700" ind1="1" ind2=" ">
    <subfield code="a">Maiguashca, Bice,</subfield>
    <subfield code="d">1965-</subfield>
    <subfield code="9">9326</subfield>
  </datafield>
  <datafield tag="730" ind1="0" ind2=" ">
    <subfield code="a">Review of international studies.</subfield>
    <subfield code="9">9327</subfield>
  </datafield>
  <datafield tag="772" ind1="1" ind2="8">
    <subfield code="t">Review of international studies</subfield>
    <subfield code="x">0260-2105</subfield>
    <subfield code="w">(UkOxU)10749902</subfield>
  </datafield>
  <datafield tag="856" ind1="4" ind2="2">
    <subfield code="3">Publisher description</subfield>
    <subfield code="u">http://www.loc.gov/catdir/enhancements/fy0710/2007272858-d.html</subfield>
  </datafield>
  <datafield tag="856" ind1="4" ind2="1">
    <subfield code="3">Table of contents only</subfield>
    <subfield code="u">http://www.loc.gov/catdir/enhancements/fy0710/2007272858-t.html</subfield>
  </datafield>
  <datafield tag="856" ind1="4" ind2="2">
    <subfield code="3">Contributor biographical information</subfield>
    <subfield code="u">http://www.loc.gov/catdir/enhancements/fy0732/2007272858-b.html</subfield>
  </datafield>
  <datafield tag="942" ind1=" " ind2=" ">
    <subfield code="2">ddc</subfield>
    <subfield code="c">BB</subfield>
  </datafield>
  <datafield tag="999" ind1=" " ind2=" ">
    <subfield code="c">12900</subfield>
    <subfield code="d">12900</subfield>
  </datafield>
  <datafield tag="952" ind1=" " ind2=" ">
    <subfield code="0">0</subfield>
    <subfield code="1">0</subfield>
    <subfield code="2">ddc</subfield>
    <subfield code="4">0</subfield>
    <subfield code="7">0</subfield>
    <subfield code="8">Baccah</subfield>
    <subfield code="a">MAIN</subfield>
    <subfield code="b">MAIN</subfield>
    <subfield code="c">1ST</subfield>
    <subfield code="d">2009-11-12</subfield>
    <subfield code="e">purchase</subfield>
    <subfield code="g">200.00</subfield>
    <subfield code="l">7</subfield>
    <subfield code="m">30</subfield>
    <subfield code="o">327.117 FOR</subfield>
    <subfield code="p">000019008</subfield>
    <subfield code="r">2025-07-15 00:00:00</subfield>
    <subfield code="s">2016-12-03</subfield>
    <subfield code="y">BB</subfield>
  </datafield>
</record>
